00926nam a22002297a 4500999001500000001000500015003000900020005001700029008004100046040003800087082002000125100002000145245012100165250002400286260004900310300004100359650002900400700001900429942001200448952011800460952011800578 c5970d59706421BD-DhUAP20201223105918.0201223s1998 ii a|||| |||| 00| 0 eng d aBD-DhUAPbEngcBD-DhUAPdBD-DhUAP 223a628.168 KUD aKudesia, V. P.  aWater pollution : bprinciples of disinfection of drinking water and its analysis /cV. P. Kudesia and Ritu Kudesia. a4th rev. & enl. ed. aMeerut, India : bPragati Prakashan,cc1998. a728 pages :billustrations ;c22 cm. aWatervPollutionzIndia. aKudesia, Ritu. 2ddccBK 00102ddc4070aUAPCLbUAPCLcGeneral Stacksd2020-12-23o628.168 KUDp3010006421r2020-12-23t1w2020-12-23yBK 00102ddc4070aUAPCLbUAPCLcGeneral Stacksd2020-12-23o628.168 KUDp3010006422r2020-12-23t2w2020-12-23yBK